Index Fund Management A Practical Guide to Smart Beta, Factor Investing, and Risk Premia /

This book brings simplicity to passive investing, smart beta, and factor investing, which is the fastest growing type of investment in the asset management industry. The subject has a strong academic foundation but often taught and presented in a quite complex and unorganized way. In recent years, i...

Full description

Bibliographic Details
Main Author: Zaher, Fadi (Author, http://id.loc.gov/vocabulary/relators/aut)
Corporate Author: SpringerLink (Online service)
Format: Electronic eBook
Language:English
Published: Cham : Springer International Publishing : Imprint: Palgrave Macmillan, 2019.
Edition:1st ed. 2019.
Subjects:
Online Access:Full Text via HEAL-Link
LEADER 03218nam a2200469 4500
001 978-3-030-19400-0
003 DE-He213
005 20191220130851.0
007 cr nn 008mamaa
008 190828s2019 gw | s |||| 0|eng d
020 |a 9783030194000  |9 978-3-030-19400-0 
024 7 |a 10.1007/978-3-030-19400-0  |2 doi 
040 |d GrThAP 
050 4 |a HG4501-6051 
072 7 |a KFFM  |2 bicssc 
072 7 |a BUS036000  |2 bisacsh 
072 7 |a KFFM  |2 thema 
082 0 4 |a 332.6  |2 23 
100 1 |a Zaher, Fadi.  |e author.  |4 aut  |4 http://id.loc.gov/vocabulary/relators/aut 
245 1 0 |a Index Fund Management  |h [electronic resource] :  |b A Practical Guide to Smart Beta, Factor Investing, and Risk Premia /  |c by Fadi Zaher. 
250 |a 1st ed. 2019. 
264 1 |a Cham :  |b Springer International Publishing :  |b Imprint: Palgrave Macmillan,  |c 2019. 
300 |a XXIII, 248 p. 74 illus., 48 illus. in color.  |b online resource. 
336 |a text  |b txt  |2 rdacontent 
337 |a computer  |b c  |2 rdamedia 
338 |a online resource  |b cr  |2 rdacarrier 
347 |a text file  |b PDF  |2 rda 
505 0 |a 1. Introduction: What we talk about in factor investing -- Part I -- 2. Stepping up to factor investing -- 3. Architecture and art of indexation -- Part II -- 4. Equity Factor Investing: Value Stocks -- 5. Equity Factor Investing: High Quality -- 6. Equity Factor Investing: Low Risk -- 7. Equity Factor Investing: Momentum -- 8. Equity Factor Investing: Size -- 9. Equity Multi-Factor Investing -- Part III -- 10. Fixed Income Factor Investing -- 11. Multi-Asset Alternative Risk Premia. 
520 |a This book brings simplicity to passive investing, smart beta, and factor investing, which is the fastest growing type of investment in the asset management industry. The subject has a strong academic foundation but often taught and presented in a quite complex and unorganized way. In recent years, index and factor investing solutions have been bestsellers. But factor investing success is not a foregone conclusion, and there are plenty of quirks and misprints in the literature. Do investors need a novel approach? The book provides answers to some of these questions in an open and objective fashion. Index fund management is increasingly taught in finance courses at universities. For market practitioners including trustees and investors, this book facilitates an increased understanding of how to invest in index and smart beta strategies, how to implement them, and what to be aware of with concrete and practical real-world examples. 
650 0 |a Investment banking. 
650 0 |a Securities. 
650 0 |a Risk management. 
650 1 4 |a Investments and Securities.  |0 http://scigraph.springernature.com/things/product-market-codes/626020 
650 2 4 |a Risk Management.  |0 http://scigraph.springernature.com/things/product-market-codes/612040 
710 2 |a SpringerLink (Online service) 
773 0 |t Springer eBooks 
776 0 8 |i Printed edition:  |z 9783030193997 
776 0 8 |i Printed edition:  |z 9783030194017 
776 0 8 |i Printed edition:  |z 9783030194024 
856 4 0 |u https://doi.org/10.1007/978-3-030-19400-0  |z Full Text via HEAL-Link 
912 |a ZDB-2-ECF 
950 |a Economics and Finance (Springer-41170)